Statistics for AFL Most Career Games

Click here to take the quiz!

General Stats

  • This quiz has been taken 304 times
    (55 since last reset)
  • The average score is 11 of 20

Answer Stats

RankYearsGamesTeamPlayer% Correct
11996-2016432North MelbourneBrent Harvey
96%
61988-2008383St KildaRobert Harvey
88%
62006-383CollingwoodScott Pendlebury
88%
51993-2015400EssendonDustin Fletcher
80%
32002-2021407Port Adelaide / HawthornShaun Burgoyne
73%
92005-2022376FremantleDavid Mundy
69%
192005-2023354Hawthorn / SydneyLance Franklin
69%
182007-2022355GeelongJoel Selwood
67%
21972-1991425HawthornMichael Tuck
67%
202000-2016353FremantleMatthew Pavlich
65%
41965-1983403RichmondKevin Bartlett
63%
111999-2015372SydneyAdam Goodes
57%
152002-2020357Geelong / Gold Coast / GeelongGary Ablett Jnr
53%
131994-2010364BulldogsBrad Johnson
51%
161969-1986356CarltonBruce Doull
31%
81974-1992378EssendonSimon Madden
29%
101986-2002375CarltonCraig Bradley
22%
161982-1998356Fitzroy / SydneyPaul Roos
22%
121969-1986366Footscray / FitzroyBernie Quinlan
18%
141985-2002359Fitzroy / North MelbourneJohn Blakey
10%

Score Distribution

Percentile by Number Answered

Percent of People with Each Score

Your Score History

You have not taken this quiz since the last reset